| 000 | 00649nam a2200241Ia 4500 | ||
|---|---|---|---|
| 999 |
_c40226 _d40226 |
||
| 001 | 6833 | ||
| 003 | GE_BSU | ||
| 005 | 20200120115528.0 | ||
| 008 | 181216s1991||||g |||||||||||||| ||ge || | ||
| 040 | _cGE_BSU | ||
| 041 | _ageo | ||
| 080 | _a821.353.1-1 გ-62 | ||
| 100 |
_aგოდერძიშვილი, სოფო. _96243 |
||
| 245 | _aსიმართლე. | ||
| 245 | _bლექსები. | ||
| 260 | _aთბილისი. | ||
| 260 | _bმერანი. | ||
| 260 | _c1991. | ||
| 300 |
_a64 გვ. ; _c14 სმ. |
||
| 653 | _aლექსები | ||
| 653 | _aსიმართლე | ||
| 942 |
_cBK _2udc |
||